Patronas de España - Estadísticas

Estadísticas generales
  • Esta prueba ha sido intentada 169 veces
  • La puntuación promedio es 7 de 13
Estadísticas de respuestas
Imagen Hint Respuesta % Correcto
Patrona de Aragón y de la Guardia Civil Virgen del Pilar
95%
Patrona de la Armada Española Virgen del Carmen
87%
Patrona de España y de la Infantería La Inmaculada Concepción
81%
Patrona de Asturias Virgen de Covadonga
76%
Patrona de Cataluña Virgen de Montserrat
76%
Patrona de Extremadura y Reina de la Hispanidad Virgen de Guadalupe
63%
Patrona de la Comunitat Valenciana Virgen de los Desamparados / Mare de Déu dels Desamparats
58%
Patrona del Ejercito de Aire Virgen de Loreto
51%
Patrona de Ceuta Virgen de África
50%
Patrona de Canarias Virgen de Candelaria
48%
Patrona de La Rioja Virgen de Valvanera
20%
Patrona de Melilla Virgen de la Victoria
18%
Patrona de Cantabria Virgen de la Bien Aparecida
15%
No se encontraron pruebas coincidentes
Distribución de puntuación
Porcentaje de gente con cada puntuación
Porcentaje por número respondido
Historial de tus puntuaciones
No has intentado esta prueba.